000 00326nam a22001457a 4500
020 _a81-8482-026-7
082 _a823
_bPAI, C
100 _aPAI, ANANT
245 _aCHAND BIBI
260 _aMUMBAI
_bAMAR CHITHRA KATHA
300 _a32
520 _aENGLISH SHORT STORY
650 _aENGLISH SHORT STORY
_zMUMBAI
942 _cBK
999 _c5321
_d5321